Integrierte Unternehmensplannung Grundlagen, Funktionsweisse und Umsetzung
Salvato in:
| Autore principale: | |
|---|---|
| Altri autori: | , |
| Natura: | Libro |
| Lingua: | tedesco |
| Pubblicazione: |
Wien
LINDE Verlag
2021
|
| Edizione: | 3. Auflage |
| Soggetti: | |
| Tags: |
Nessun Tag, puoi essere il primo ad aggiungerne!!
|
MARC
| LEADER | 00000nam a2200000 4500 | ||
|---|---|---|---|
| 001 | 0279508 | ||
| 005 | 20230105071806.9 | ||
| 020 | |a 978-3-7143-0357-5 | ||
| 041 | 0 | |a ger | |
| 044 | |a AT | ||
| 245 | 1 | 0 | |a Integrierte Unternehmensplannung |b Grundlagen, Funktionsweisse und Umsetzung |c Josef Baumüller, Achim Hartmann, Christian Kreuzer |
| 250 | |a 3. Auflage | ||
| 264 | 1 | |a Wien |b LINDE Verlag |c 2021 | |
| 300 | |a 313 s. | ||
| 610 | 2 | 0 | |a plánovanie podnikové |
| 610 | 2 | 0 | |a podnik |
| 610 | 2 | 0 | |a plán podnikový |
| 610 | 2 | 0 | |a likvidita |
| 610 | 2 | 0 | |a plánovanie finančné |
| 610 | 2 | 0 | |a riziko |
| 610 | 2 | 0 | |a kontroling |
| 100 | 1 | |a Baumüller, Josef | |
| 700 | 1 | |a Hartmann, Achim | |
| 700 | 1 | |a Kreuzer, Christian | |